| 000 | 00605nam a2200217Ii 4500 | ||
|---|---|---|---|
| 001 | 673 | ||
| 003 | CO-ViMGA | ||
| 008 | 241108s9999||||xx |||||||||||||| ||und|| | ||
| 020 | _a842063333X | ||
| 040 |
_aCO-ViMGA _bspa _erda _cCO-ViMGA |
||
| 041 | 0 | _aspa | |
| 082 | 0 | 4 | _aAR868 B67h |
| 100 | 1 |
_aJORGE LUIS BORGES _948804 |
|
| 245 | 1 | 0 | _aEl hacedor |
| 264 | 1 | _a[Lugar de publicación no identificado] : Alianza, 2003 | |
| 300 | _avolumen | ||
| 336 |
_atext _btxt _2rdacontent |
||
| 337 |
_aunmediated _bn _2rdamedia |
||
| 338 |
_avolume _bnc _2rdacarrier |
||
| 940 | _aidficha_siabuc: 658. -- ficha_no_siabuc:673 | ||
| 999 |
_c43446 _d43446 |
||